• 首页
  • 本馆介绍
  • 公告通知
  • 最新文献
  • 馆藏检索
  • 电子资源
  • 读者导购
  • 参考咨询
  • 我的图书馆
  • 登录
  • 详细信息显示
  • 放入我的书架
  • 预约/预借图书
  • 作者相关作品
  • 分类相关作品
  • 丛书相关作品
  • 出版社相关作品

书目信息

  • 表格格式
  • 工作单格式
  • 卡片格式
题名:
英文打字机手法练习
    
 
作者: 黄锦香 编著
分册:  
出版信息: 北京   外语教学与研究出版社  1986
页数: 55页
开本: 19cm
丛书名:
单 册:
中图分类: TS879
科图分类:
主题词: 印刷--技术
电子资源:
ISBN:
000 00643nam0 2200241 45
001 0186001897
005 20040518144022.1
010    @dCNY0.44
091    @a7215.87
100    @a19901014d1986 em y0chiy0121 ea
101 0  @achi
102    @aCN@b110000
105    @ay z 000yy
106    @ar
200 10 @a英文打字机手法练习@Aying wen da zi ji shou fa lian xi@f黄锦香编著
210    @a北京@c外语教学与研究出版社@d1986
215    @a55页@d19cm
606 0  @a印刷@x技术
690    @aTS879
701  0 @a黄锦香@Ahuang jin xiang@4编著
801  0 @aCN@b深圳图书馆@c20040518
801  2 @aCN@bNLC@c20040518
905    @f3@b157081-083@dTS879@e13
    
    英文打字机手法练习/黄锦香编著.-北京:外语教学与研究出版社,1986
    55页;19cm
    
    
    ISBN :CNY0.44
    
●
相关链接 在E读中查询图书 在五车中查询图书 在当当中查询图书 在豆瓣中查询图书


正题名:英文打字机手法练习     索取号:TS879/13         预约/预借

序号 登录号 条形码 馆藏地/架位号 状态 备注
1 0157081   001479509   第三借阅区/ [索取号:TS879/13] 在馆    
2 0157082   001479493   密集书库/ [索取号:TS879/13] 在馆    
3 0157083   001479545   密集书库/ [索取号:TS879/13] 在馆    
4 0157085   001479518   第二样本阅览室/ [索取号:TS879/13] 在馆    
唐山师范学院图书馆 欢迎您!
大连网信软件有限公司© 版权所有